| 000 | 01101nam a22002777i 4500 | ||
|---|---|---|---|
| 999 |
_c23184 _d23184 |
||
| 003 | AR-CdUCM | ||
| 008 | 250122b20242024 pe||||| |||| 00| 0 spa d | ||
| 020 | _a978-612-00-9371-9 | ||
| 040 |
_aMUNICIPALIDAD PROVINCIAL DEL CUSCO _cBIBLIOTECA MUNICIPAL DEL CUSCO |
||
| 041 | _hspa | ||
| 082 |
_a338.16 / B25 _bB25 |
||
| 100 |
_aBarreto Carbajal, Juan Silver _950942 |
||
| 245 | _aPotencial Agroindustrial de Apurímac / | ||
| 260 |
_aAbancay : _bAutor-Editor _c2024 |
||
| 300 |
_a251 páginas. : _c20x15 cm. |
||
| 505 | _aReseña histórica de Apurímac -- Los recursos productivos -- Indicadores de la actividad departamental -- Actividad pecuaria -- Los entornos de la agroindustria -- Agricultura tradicional -- ventajas y desventajas de la agricultura ecológica | ||
| 650 |
_aActividad pecuaria _950943 |
||
| 650 |
_aAgricultura tradicional _912031 |
||
| 650 |
_aVentajas _942428 |
||
| 650 |
_aDesventajas _950944 |
||
| 650 |
_aMedicina tradicional _914646 |
||
| 650 |
_aAgroindustria _95478 |
||
| 650 |
_aPotencial productivo _950945 |
||
| 942 |
_2ddc _cLIBROS |
||
| 945 |
_apbjr _d22-01-2025 |
||